| 000 -LEADER |
| fixed length control field |
02545cam a22003734a 4500 |
| 001 - CONTROL NUMBER |
| control field |
16932448 |
| 005 - DATE AND TIME OF LATEST TRANSACTION |
| control field |
20170105102905.0 |
| 008 - FIXED-LENGTH DATA ELEMENTS--GENERAL INFORMATION |
| fixed length control field |
110823s2012 enka b 001 0 eng |
| 010 ## - LIBRARY OF CONGRESS CONTROL NUMBER |
| LC control number |
2011034786 |
| 015 ## - NATIONAL BIBLIOGRAPHY NUMBER |
| National bibliography number |
GBB1B8261 |
| Source |
bnb |
| 016 7# - NATIONAL BIBLIOGRAPHIC AGENCY CONTROL NUMBER |
| Record control number |
015946812 |
| Source |
Uk |
| 020 ## - INTERNATIONAL STANDARD BOOK NUMBER |
| International Standard Book Number |
9780415693721 (hbk.) |
| 020 ## - INTERNATIONAL STANDARD BOOK NUMBER |
| International Standard Book Number |
9780203127148 (ebk.) |
| 035 ## - SYSTEM CONTROL NUMBER |
| System control number |
(OCoLC)ocn731925272 |
| 040 ## - CATALOGING SOURCE |
| Original cataloging agency |
DLC |
| Language of cataloging |
eng |
| Transcribing agency |
DLC |
| Modifying agency |
YDX |
| -- |
BTCTA |
| -- |
YDXCP |
| -- |
CDX |
| -- |
UKMGB |
| -- |
E7B |
| -- |
OCLCQ |
| -- |
AU@ |
| -- |
BWX |
| -- |
OCLCO |
| -- |
DLC |
| 042 ## - AUTHENTICATION CODE |
| Authentication code |
pcc |
| 050 00 - LIBRARY OF CONGRESS CALL NUMBER |
| Classification number |
JZ5595 |
| Item number |
.H96 2012 |
| 082 00 - DEWEY DECIMAL CLASSIFICATION NUMBER |
| Classification number |
355/.033 |
| Edition number |
23 |
| 100 1# - MAIN ENTRY--PERSONAL NAME |
| Personal name |
Hynek, Nik. |
| 245 10 - TITLE STATEMENT |
| Title |
Human security as statecraft : |
| Remainder of title |
structural conditions, articulations and unintended consequences / |
| Statement of responsibility, etc. |
Nik Hynek. |
| 260 ## - PUBLICATION, DISTRIBUTION, ETC. |
| Place of publication, distribution, etc. |
Abingdon, Oxon ; |
| -- |
New York : |
| Name of publisher, distributor, etc. |
Routledge, |
| Date of publication, distribution, etc. |
2012. |
| 300 ## - PHYSICAL DESCRIPTION |
| Extent |
xiv, 241 p. : |
| Other physical details |
ill. ; |
| Dimensions |
24 cm. |
| 490 1# - SERIES STATEMENT |
| Series statement |
Routledge critical security studies series ; |
| Volume/sequential designation |
[8] |
| 504 ## - BIBLIOGRAPHY, ETC. NOTE |
| Bibliography, etc. note |
Includes bibliographical references and index. |
| 505 0# - FORMATTED CONTENTS NOTE |
| Formatted contents note |
Contents note continued: External militarisation and sovereign biopolitics -- Afghan neutralisation and counter-terrorism domestication -- Neo-liberalised `humanitarianism' and the proliferation of risk management -- 6.Structural conditions for Japanese continuity -- Domestic orthodoxies as conditions for fundamental continuity -- Foreign- and security-policy orthodoxies as moulding conditions -- Developments in the domestic economy of power -- Neo-mercantile developmentalist governmentality as foreign and security policy -- 7.Japanese human security as a continuing politics of convergence -- `Comprehensive national security' as the master convergence -- Bureaucratic construction of the Japanese Human Security Programme -- From programme to assemblage: Japanese appropriation of human security through the United Nations -- 8.Domopolitical assemblage of Japanese human security -- Convergence and domopolitics as complementary diagrams of power -- |
| 505 0# - FORMATTED CONTENTS NOTE |
| Formatted contents note |
Contents note continued: Delivering post-conflict peace: human security replaces the military war machine -- Producing Human (in)security: rebuilding their homes, denying their entrance -- Domopolitical administration of NGOs: from Kobe to Afghanistan and beyond. |
| 650 #0 - SUBJECT ADDED ENTRY--TOPICAL TERM |
| Topical term or geographic name entry element |
Security, International. |
| 650 #0 - SUBJECT ADDED ENTRY--TOPICAL TERM |
| Topical term or geographic name entry element |
International relations. |
| 650 #0 - SUBJECT ADDED ENTRY--TOPICAL TERM |
| Topical term or geographic name entry element |
Human security. |
| 830 #0 - SERIES ADDED ENTRY--UNIFORM TITLE |
| Uniform title |
Routledge critical security studies series ; |
| Volume/sequential designation |
8. |
| 906 ## - LOCAL DATA ELEMENT F, LDF (RLIN) |
| a |
7 |
| b |
cbc |
| c |
orignew |
| d |
1 |
| e |
ecip |
| f |
20 |
| g |
y-gencatlg |
| 942 ## - ADDED ENTRY ELEMENTS (KOHA) |
| Source of classification or shelving scheme |
|
| Koha item type |
Book |